Catálogo público

Temas en técnologia de alimentos / (Record no. 170463)

MARC details
000 -CABECERA
campo de control de longitud fija 01436nam a2200373Ia 4500
001 - NÚMERO DE CONTROL
campo de control dia_31
003 - IDENTIFICADOR DEL NÚMERO DE CONTROL
campo de control CHAP
005 - FECHA Y HORA DE LA ÚLTIMA TRANSACCIÓN
campo de control 20221202133558.0
008 - DATOS DE LONGITUD FIJA--INFORMACIÓN GENERAL
campo de control de longitud fija 220117s1997 xx 000 0 und d
010 ## - NÚMERO DE CONTROL DE LA BIBLIOTECA DEL CONGRESO
Número de control de LC 170463
020 ## - NÚMERO INTERNACIONAL ESTÁNDAR DEL LIBRO
Número Internacional Estándar del Libro 970-18-0934-3 (v.1) \ 970-18-1880-6 (v.2) \ 970-18-2389-3 (v.3)
040 ## - FUENTE DE LA CATALOGACIÓN
Centro/agencia transcriptor CHAP
082 ## - NÚMERO DE LA CLASIFICACIÓN DECIMAL DEWEY
Número de clasificación 664 T46 1997
110 ## - ENTRADA PRINCIPAL--NOMBRE DE ENTIDAD CORPORATIVA
Nombre de entidad corporativa o nombre de jurisdicción como elemento de entrada Instituto Politécnico Nacional
9 (RLIN) 59426
245 ## - MENCIÓN DE TÍTULO
Título Temas en técnologia de alimentos /
Mención de responsabilidad, etc. Instituto Politécnico Nacional
260 ## - PUBLICACIÓN, DISTRIBUCIÓN, ETC.
Lugar de publicación, distribución, etc. México :
Nombre del editor, distribuidor, etc. IPN :,
-- Alfaomega :,
-- CYTED,
Fecha de publicación, distribución, etc. 1997
300 ## - DESCRIPCIÓN FÍSICA
Extensión 3 v.
503 ## - NOTA DE HISTORIA BIBLIOGRÁFICA (BK CF MU) [OBSOLETO]
Nota de historia bibliográfica I. 207345 (v.2) \ C/e (v.1 y 3)
505 ## - NOTA DE CONTENIDO CON FORMATO
Nota de contenido con formato La biblioteca tiene: v.1 \ v.2 Fibra dietética \ v.3. Manual de conceptos para análisis sensorial de los alimentos y Manual de descriptores para análisis sensorial de alimentos
590 ## - NOTA LOCAL (RLIN)
Nota local TX541 T46 1997
650 ## - PUNTO DE ACCESO ADICIONAL DE MATERIA--TÉRMINO DE MATERIA
Término de materia o nombre geográfico como elemento de entrada Alimentos
Subdivisión general Análisis
9 (RLIN) 4164
650 ## - PUNTO DE ACCESO ADICIONAL DE MATERIA--TÉRMINO DE MATERIA
Término de materia o nombre geográfico como elemento de entrada Evaluación sensorial de los alimentos
9 (RLIN) 147007
650 ## - PUNTO DE ACCESO ADICIONAL DE MATERIA--TÉRMINO DE MATERIA
Término de materia o nombre geográfico como elemento de entrada Fibras vegetales
9 (RLIN) 40703
650 ## - PUNTO DE ACCESO ADICIONAL DE MATERIA--TÉRMINO DE MATERIA
Término de materia o nombre geográfico como elemento de entrada Food industry
Subdivisión general Technology
9 (RLIN) 147008
650 ## - PUNTO DE ACCESO ADICIONAL DE MATERIA--TÉRMINO DE MATERIA
Término de materia o nombre geográfico como elemento de entrada Food
Subdivisión general Analysis
9 (RLIN) 147009
650 ## - PUNTO DE ACCESO ADICIONAL DE MATERIA--TÉRMINO DE MATERIA
Término de materia o nombre geográfico como elemento de entrada Industria alimentaria
Subdivisión general Tecnología
9 (RLIN) 147010
650 ## - PUNTO DE ACCESO ADICIONAL DE MATERIA--TÉRMINO DE MATERIA
Término de materia o nombre geográfico como elemento de entrada Plant fibers
9 (RLIN) 147011
650 ## - PUNTO DE ACCESO ADICIONAL DE MATERIA--TÉRMINO DE MATERIA
Término de materia o nombre geográfico como elemento de entrada Sensory evaluation
9 (RLIN) 147012
710 ## - PUNTO DE ACCESO ADICIONAL--NOMBRE DE ENTIDAD CORPORATIVA
Nombre de entidad corporativa o nombre de jurisdicción como elemento de entrada Instituto Politécnico Nacional (México)
9 (RLIN) 59427
901 ## - ELEMENTOS DE DATOS A LOCAL LDA (RLIN)
a 664 T46 1997
902 ## - ELEMENTOS DE DATOS B LOCAL, LDB (RLIN)
a M
905 ## - ELEMENTOS DE DATOS E LOCAL, LDE (RLIN)
a 5232271997 MX amn 8222223322SPA16
942 ## - ELEMENTOS DE PUNTO DE ACCESO ADICIONAL (KOHA)
Tipo de ítem Koha Libro
Fuente del sistema de clasificación o colocación Dewey Decimal Classification
Holdings
Estado de retiro Estado de pérdida Fuente del sistema de clasificación o colocación Estado dañado No para préstamo Código de colección Localización permanente Ubicación/localización actual Fecha de adquisición Información codificada de la localización en otra ubicación Enumeración/cronología de publicación seriada Total de préstamos Signatura topográfica completa Código de barras Fecha visto por última vez Número de copia Precio válido a partir de Tipo de ítem Koha Restricciones de uso Fuente de adquisición Coste, precio normal de compra Número de inventario Fecha del último préstamo
    Dewey Decimal Classification     General Ingenieria Agroindustrial Ingenieria Agroindustrial 18/01/2022 1 Volumen: 2   664 T46 1997 dia_009298 18/01/2022 3 18/01/2022 Libro          
    Dewey Decimal Classification     General Ingenieria Agroindustrial Ingenieria Agroindustrial 19/09/2000   Volumen: 1   664 T46 1997 dia_004877 18/01/2022 Ej. 1   Libro Préstamo interno Compra SEP-IPN F. 9616 / Res. (25-Sep-2000) 63.00 C/e  
    Dewey Decimal Classification     General Ingenieria Agroindustrial Ingenieria Agroindustrial 19/09/2000   Volumen: 3 1 664 T46 1997 dia_004879 03/06/2025 Ej. 1   Libro Préstamo interno Compra SEP-IPN F. 9617 / Res. (25-Sep-2000) 35.00 C/e 03/06/2025
    Dewey Decimal Classification     General Ingenieria Agroindustrial Ingenieria Agroindustrial 19/09/2000   Volumen: 2   664 T46 1997 v.2 dia_005593 18/01/2022 Ej. 1   Libro Préstamo interno Compra SEP-IPN F. 9618 / Res. 47383 (25-Sep-2000) 100.00    
    Dewey Decimal Classification     General Ingenieria Agroindustrial Ingenieria Agroindustrial 18/01/2022 1 Volumen: 1   664 T46 1997 dia_005658 18/01/2022 2 18/01/2022 Libro          
    Dewey Decimal Classification     General Ingenieria Agroindustrial Ingenieria Agroindustrial 18/01/2022 1 Volumen: 2 1 664 T46 1997 dia_005659 30/08/2022 2 18/01/2022 Libro         30/08/2022